00317pab a2200121 454500008004000000100001900040245004500059260000900104300001000113362001200123650002600135773003400161180718b1991 xxu||||| |||| 00| 0 eng d aBergman, David aBangladesh's opening for a new beginning c1991 a382-5 a16 Feb. aBangladesh - Politics aEconomic and Political Weekly